| 000 | 00399nam a2200157 a 4500 | ||
|---|---|---|---|
| 005 | 20140414131911.0 | ||
| 008 | 101012s19uu xx 00 eng d | ||
| 050 |
_aER _bT76 2000 |
||
| 100 | _aBrown, Marc | ||
| 245 | _aThe truth pops out. | ||
| 250 | _a | ||
| 260 |
_aMaitland, Florida : _bAdvance Publishers, _c2000. |
||
| 440 | _aArthur's Family Values | ||
| 650 | _aHonesty | ||
| 999 |
_c111223 _d111223 |
||